Sanat - "Veitset" - Ellinoora - Statistics

Yleistilastot
  • Tätä visaa on pelattu 24 kertaa
  • Keskiarvotulos 152 / 215
Vastaustilastot
Vastaus % Oikein
me
100%
100%
se
100%
veitset
100%
93%
93%
on
93%
en
86%
ja
86%
ku
86%
olla
86%
oo
86%
rikkinäinen
86%
sun
86%
voi
86%
anteeksi
79%
ehjä
79%
ei
79%
enää
79%
iho
79%
juokse
79%
kriteerit
79%
kyl
79%
miks
79%
mut
79%
ne
79%
ollaan
79%
perään
79%
pysty
79%
satutan
79%
selissämme
79%
sisin
79%
sua
79%
täytän
79%
toistemme
79%
usein
79%
vihaan
79%
älä
71%
ehk
71%
Ehkä
71%
ehkä
71%
iloinen
71%
käännä
71%
kun
71%
lentää
71%
mentiin
71%
mikä
71%
muutakaan
71%
näihin
71%
nielee
71%
osa
71%
osaa
71%
paljonko
71%
pieleen
71%
pois
71%
sahattu
71%
sekava
71%
siivet
71%
tahtoosi
71%
tilanteisiin
71%
vaivaa
71%
varautua
71%
vihanen
71%
et
64%
kauas
64%
mikset
64%
miten
64%
mun
64%
normaalii
64%
oli
64%
rakastan
64%
satutat
64%
terää
64%
vaikee
64%
millon
57%
muista
57%
mureni
57%
suojaus
57%
vois
57%
kuka
50%
mua
50%
antautua
43%
joku
43%
meidän
43%
miksei
43%
nappaa
43%
oon
43%
pillerin
43%
rakkaus
43%
saavuit
43%
sano
43%
sit
43%
tääl
43%
tuli
43%
vaan
43%
väliin
43%
viimeisen
43%
voida
43%
ettei
36%
helpot
36%
ilman
36%
joillekki
36%
kaikist
36%
kivat
36%
puhua
36%
tappaa
36%
tätä
36%
toisille
36%
vaikeinta
36%
ylläpitää
36%
asioista
29%
epätervettä
29%
kaunista
29%
mitään
29%
pystynkään
29%
sulin
29%
tuskaa
29%
tuu
29%
Ehtoja vastaavia visoja ei löytynyt
Tulosjakauma
Jokaisen tuloksen saaneiden osuus
Persentiili vastausten määrän mukaan
Tuloshistoriasi
Et ole pelannut tätä visaa